[Event "Challenge"]
[Site "http://www.queenalice.com/game.php?id=210980"]
[Date "2007.5.14"]
[Round "-"]
[White "MariaClara"]
[Black "Franzen"]
[Result "0-1"]
[WhiteElo "1319"]
[BlackElo "1302"]

1. e4 e5 2. Qh5 Nf6 3. Qh4 d6 4. Bb5+ c6 5. Bc4 g6 6. Nf3 a5 7. Ng5 d5 8. exd5
cxd5 9. Bb5+ Bd7 10. Na3 Bxb5 11. Nxb5 Ne4 12. Nf3 Be7 13. Qh3 Na6 14. d3 Nb4
15. O-O Ng5 16. Nxg5 Nxc2 17. Rb1 Qb6 18. Be3 Nxe3 19. fxe3 Bxg5 20. Rbe1 Qxb5
21. Qf3 Rf8 22. d4 Bh4 23. Re2 exd4 24. exd4+ Be7 25. Rfe1 O-O-O 26. Rxe7 Rfe8
27. Rc1+ Kb8 28. a4 Qxa4 29. Qxf7 Qxd4+ 30. Kf1 Qd3+ 0-1

[Event "Challenge"]
[Site "http://www.queenalice.com/game.php?id=211567"]
[Date "2007.5.16"]
[Round "-"]
[White "Franzen"]
[Black "marculera"]
[Result "0-1"]
[WhiteElo "1189"]
[BlackElo "1516"]

1. e4 d5 2. e5 Nc6 3. f4 e6 4. Nc3 Nge7 5. Nh3 Nf5 6. Ng5 f6 7. exf6 Qxf6 8. Nb5
Bd6 9. d4 a6 10. Nxd6+ Nxd6 11. h3 Nxd4 12. c3 N4f5 13. Qa4+ Bd7 14. Qd1 h6 15.
g4 Ng3 16. Rg1 hxg5 17. Rxg3 Ne4 18. Rf3 gxf4 19. Bd3 Qh4+ 20. Ke2 Ng3+ 21. Kf2
O-O-O 22. Bxf4 Ne4+ 23. Kf1 g5 24. Bh2 Rdf8 25. Qe2 Qxh3+ 26. Ke1 Rxf3 27. Bxe4
Re3 28. Rd1 Rxe2+ 29. Kxe2 Qxh2+ 30. Ke1 Qg1+ 31. Kd2 Rh2+ 32. Kc1 Qe3+ 33. Kb1
Qxe4+ 34. Ka1 Qf3 35. Rc1 Rh1 36. a3 Rxc1+ 37. Ka2 Ba4 38. c4 Bb3# 0-1

[Event "Challenge"]
[Site "http://www.queenalice.com/game.php?id=212433"]
[Date "2007.5.17"]
[Round "-"]
[White "Franzen"]
[Black "carloscolangelo"]
[Result "1-0"]
[WhiteElo "1149"]
[BlackElo "1058"]

1. e4 Nf6 2. e5 Ne4 3. d4 d6 4. f3 Ng5 5. Bxg5 dxe5 6. dxe5 Qxd1+ 7. Kxd1 e6 8.
Nc3 Bc5 9. Nb5 Bb6 10. Nh3 O-O 11. a4 Bd7 12. a5 Bxb5 13. axb6 h6 14. bxc7 hxg5
15. Bxb5 Nc6 16. Bxc6 bxc6 17. Ra3 Rfc8 18. Nxg5 Rxc7 19. Re1 Rd8+ 20. Rd3 Rcd7
21. Rxd7 Rxd7+ 22. Kc1 Rd5 23. Rd1 Rxe5 24. Rd8# 1-0

[Event "Challenge"]
[Site "http://www.queenalice.com/game.php?id=213057"]
[Date "2007.5.19"]
[Round "-"]
[White "macinf"]
[Black "Franzen"]
[Result "1/2-1/2"]
[WhiteElo "1165"]
[BlackElo "1208"]

1. Nf3 d5 2. Nc3 Nc6 3. e4 dxe4 4. Nxe4 Nf6 5. Nxf6+ exf6 6. Qe2+ Ne5 7. Nxe5
fxe5 8. Qxe5+ Qe7 9. Qxe7+ Bxe7 10. Bb5+ c6 11. Bc4 O-O 12. d4 Bf6 13. d5 cxd5
14. Bxd5 Re8+ 15. Be3 h6 16. g3 Bxb2 17. Rb1 Bc3+ 18. Kf1 Bh3+ 19. Ke2 Bg4+ 20.
Kf1 Bh3+ 21. Ke2 b6 22. Bxa8 Rxa8 23. Rhd1 Bg4+ 24. f3 Bf5 25. Rd3 Bxd3+ 26.
cxd3 g5 27. f4 gxf4 28. gxf4 h5 29. Rc1 Rc8 30. h4 b5 31. Bxa7 b4 32. Ke3 Ra8
33. Bd4 Ra3 34. Rg1+ Kh7 35. Rg7+ Kh6 36. Rxf7 Bxd4+ 37. Kxd4 Rxa2 38. Kc4 Rh2
39. Rf6+ Kg7 40. Rf5 Rxh4 41. Kxb4 Kg6 42. Rf8 Rh3 43. Kc4 h4 44. f5+ Kg5 45. f6
Kf5 46. f7 Kf6 47. Kd5 Rxd3+ 48. Kc6 h3 49. Kc7 Re3 50. Kd8 Re7 51. Rh8 Rxf7 52.
Rh6+ Ke5 53. Rxh3 Rf4 54. Kd7 Rd4+ 55. Ke7 Rf4 56. Rh5+ Kd4 57. Kd6 Ke3 58. Ke5
Re4+ 59. Kf5 Rd4 60. Rh3+ Kd2 1/2-1/2

[Event "Challenge"]
[Site "http://www.queenalice.com/game.php?id=215132"]
[Date "2007.5.23"]
[Round "-"]
[White "carloscolangelo"]
[Black "Franzen"]
[Result "0-1"]
[WhiteElo "1084"]
[BlackElo "1169"]

1. Nf3 d5 2. Nc3 f6 3. h4 e5 4. e4 dxe4 5. Nxe4 Nc6 6. g4 Bxg4 7. Bh3 Bxf3 8.
Qxf3 Nb4 9. O-O Nxc2 10. Rb1 Nd4 11. Qg4 Nh6 12. Qh5+ g6 13. Qd1 f5 14. Qa4+ c6
15. d3 fxe4 16. Bg5 Nf3+ 17. Kg2 Nxg5 18. dxe4 Nxh3 19. Rfd1 Qxh4 20. Rd2 Nf4+
21. Kf3 Qh3# 0-1

[Event "Challenge"]
[Site "http://www.queenalice.com/game.php?id=218110"]
[Date "2007.5.29"]
[Round "-"]
[White "carloscolangelo"]
[Black "Franzen"]
[Result "0-1"]
[WhiteElo "1212"]
[BlackElo "1185"]

1. e4 e5 2. Bc4 Qh4 3. g3 Qxe4+ 4. Qe2 Qxh1 5. Kf1 Qc6 6. Nf3 Qh6 7. Nxe5 d5 8.
Bxd5 Be6 9. Bxb7 Qxh2 10. Ke1 f6 11. Ng4 Qg1+ 12. Qf1 Qxf1+ 13. Kxf1 Bxg4 14.
Bxa8 Bh3+ 15. Ke1 Be7 16. d4 Nh6 17. Bf4 Bd6 18. Nc3 Nf5 19. Nd5 O-O 20. Nxc7
Bxc7 21. Bxc7 Na6 22. Bd5+ Kh8 23. Bc4 Nxc7 24. Be2 Re8 25. Kd1 Nxd4 26. Bc4
Bg4+ 27. Kc1 Re1+ 28. Kd2 Rxa1 29. c3 Ne2 30. Bxe2 Bxe2 31. Kxe2 Rxa2 32. c4
Rxb2+ 33. Kd3 a5 34. Kc3 Rb8 35. c5 a4 36. Kd4 a3 37. c6 a2 38. f4 a1=Q+ 39. Ke4
Rb5 40. f5 Qa4+ 41. Kd3 Rb3+ 42. Kc2 Qa2+ 43. Kc1 Rb1# 0-1

[Event "Challenge"]
[Site "http://www.queenalice.com/game.php?id=222637"]
[Date "2007.6.9"]
[Round "-"]
[White "carloscolangelo"]
[Black "Franzen"]
[Result "0-1"]
[WhiteElo "1212"]
[BlackElo "1206"]

1. e4 e5 2. Bc4 Qh4 3. g3 Qxe4+ 4. Be2 Qxh1 5. Kf1 Qxh2 6. Nf3 Qh1+ 7. Ng1 Qh2
8. Bh5 Bc5 9. Qf3 g6 10. Bg4 e4 11. Qxe4+ Ne7 12. d4 Bb6 13. Bg5 Nc6 14. d5
Qxf2# 0-1

[Event "Challenge"]
[Site "http://www.queenalice.com/game.php?id=224588"]
[Date "2007.6.13"]
[Round "-"]
[White "carloscolangelo"]
[Black "Franzen"]
[Result "0-1"]
[WhiteElo "1230"]
[BlackElo "1226"]

1. e4 e5 2. Bc4 Qh4 3. Nf3 Qxe4+ 4. Be2 Bc5 5. d4 exd4 6. O-O Bd6 7. g3 h5 8.
Bf4 Bxf4 9. gxf4 Qxf4 10. Nxd4 Rh6 11. Nc3 Qg5+ 12. Kh1 b6 13. Rg1 Qe5 14. Nf3
Qf6 15. Nd4 Bb7+ 16. Bf3 Bxf3+ 17. Nxf3 Qf5 18. Nd5 Kd8 19. Rxg7 Rg6 20. Ne3 Qf6
21. Nd5 Qxg7 22. Qd2 f5 23. Rd1 d6 24. Qd3 Ne7 25. Qc4 Nxd5 26. Qxd5 c6 27. Qxf5
Nd7 28. Qxh5 Kc7 29. Nh4 Rg5 30. Qf3 Rg8 31. Ng2 Rxg2 32. Qf4 Rg1+ 33. Rxg1
Qxg1# 0-1

[Event "Challenge"]
[Site "http://www.queenalice.com/game.php?id=233774"]
[Date "2007.7.2"]
[Round "-"]
[White "claudiocaire"]
[Black "Franzen"]
[Result "0-1"]
[WhiteElo "1527"]
[BlackElo "1219"]

1. e4 e5 2. Bc4 Qh4 3. Qf3 Nf6 4. d4 Nxe4 5. Qxf7+ Kd8 6. Nf3 Qxf2+ 7. Kd1 Qxg2
8. Re1 Nf2+ 9. Kd2 Ne4+ 10. Kd3 Nf2+ 11. Kc3 Nc6 12. d5 Bb4+ 13. Kb3 Nd4+ 14.
Kxb4 Nxc2+ 15. Kc3 Nxe1 16. Nxe1 Qg1 17. Bd2 Ne4+ 18. Kd3 Nxd2 19. Nxd2 Qg6+ 20.
Qxg6 hxg6 21. Ne4 d6 22. Ng5 Rxh2 23. Nef3 Bf5+ 24. Kc3 Rc2+ 25. Kb4 a5+ 26. Kb3
b5 27. Bf1 a4+ 28. Kb4 a3 29. bxa3 c5+ 30. Kxb5 Rb8+ 31. Kc6 Ke7 32. Ne6 Bxe6
33. dxe6 Rc8+ 34. Kd5 c4 35. Ng5 Rc5+ 36. Ke4 c3 37. Bd3 Rd2 38. Nf3 d5+ 39.
Kxe5 Rxd3 40. Ne1 Rg3 41. Rc1 Rc4 42. Rb1 Rg5# 0-1

[Event "Challenge"]
[Site "http://www.queenalice.com/game.php?id=235393"]
[Date "2007.7.6"]
[Round "-"]
[White "oscardias"]
[Black "Franzen"]
[Result "1-0"]
[WhiteElo "1493"]
[BlackElo "1247"]

1. e4 e5 2. Nf3 Qe7 3. a3 Qc5 4. d4 exd4 5. Nxd4 Qe5 6. Nc3 Nc6 7. Nxc6 Qc5 8.
Nd4 Be7 9. Bf4 Bf6 10. Ncb5 d6 11. b4 Qb6 12. a4 a6 13. a5 Bg4 14. Qxg4 Qxb5 15.
Nxb5 axb5 16. Bxb5+ c6 17. Rd1 Nh6 18. Bxh6 cxb5 19. Bxg7 Rg8 20. Qf5 Bxg7 21.
Qxh7 Bc3+ 22. Ke2 Rf8 23. Rxd6 Rd8 24. Rxd8+ Kxd8 25. Rd1+ Kc8 26. Qh3+ Kb8 27.
Qxc3 Rc8 28. Qxc8+ Kxc8 29. h4 1-0

[Event "Challenge"]
[Site "http://www.queenalice.com/game.php?id=235798"]
[Date "2007.7.6"]
[Round "-"]
[White "victor_diniz"]
[Black "Franzen"]
[Result "1-0"]
[WhiteElo "1452"]
[BlackElo "1246"]

1. Nf3 e6 2. b3 Qf6 3. Nc3 Bc5 4. Bb2 Qf5 5. Nb5 Bb6 6. Bxg7 Qc5 7. e3 a6 8.
Nbd4 e5 9. Nxe5 f6 10. Qh5+ Ke7 11. Bf8+ Kxf8 12. Qf7# 1-0

[Event "Challenge"]
[Site "http://www.queenalice.com/game.php?id=238194"]
[Date "2007.7.11"]
[Round "-"]
[White "victor_diniz"]
[Black "Franzen"]
[Result "1-0"]
[WhiteElo "1492"]
[BlackElo "1225"]

1. e4 e5 2. Nf3 d6 3. Bc4 Nf6 4. d3 h6 5. Nc3 Nc6 6. O-O Bg4 7. h3 Bh5 8. a3 Qe7
9. Nd5 Nxd5 10. Bxd5 Nd4 11. g4 c6 12. gxh5 cxd5 13. Nxd4 exd4 14. Re1 Qg5+ 15.
Bxg5 hxg5 16. exd5+ Be7 17. Qe2 O-O-O 18. Qxe7 Rhe8 19. Qxe8 Rxe8 20. Rxe8+ Kd7
21. Rae1 g6 22. R1e7# 1-0

[Event "Treinee's Challenge"]
[Site "http://www.queenalice.com/game.php?id=239171"]
[Date "2007.7.12"]
[Round "-"]
[White "Franzen"]
[Black "roberto_falk"]
[Result "1-0"]
[WhiteElo "1249"]
[BlackElo "1099"]

1. e4 e5 2. Bc4 Bc5 3. Qh5 g6 4. Qxe5+ Kf8 5. Qxh8 Qh4 6. Nh3 Qxe4+ 7. Kd1 Qxc4
8. Qc3 Qg4+ 9. f3 Qxg2 10. Re1 Qxh3 11. Qxc5+ d6 12. Qf2 Nc6 13. Qe2 Bf5 14. Nc3
Nd4 15. Qf1 Qxh2 16. Ne4 Nf6 17. c3 Re8 18. cxd4 h5 19. Nxf6 Re6 20. Rxe6 fxe6
21. d3 Kg7 22. Ne8+ Kf7 23. Nxc7 h4 24. Be3 Qxb2 25. Rc1 Qa3 26. d5 exd5 27. Qe1
Qxd3+ 28. Bd2 Qxf3+ 29. Qe2 Qg3 30. Qe8+ Kf6 31. Nxd5+ Kg7 32. Rc7+ Bd7 33.
Rxd7# 1-0

[Event "Challenge"]
[Site "http://www.queenalice.com/game.php?id=239561"]
[Date "2007.7.13"]
[Round "-"]
[White "andrefriburgo"]
[Black "Franzen"]
[Result "0-1"]
[WhiteElo "1220"]
[BlackElo "1289"]

1. e4 e5 2. Nf3 d6 3. Bc4 Be6 4. b3 Nf6 5. O-O Nxe4 6. d3 d5 7. Nxe5 h5 8. Qf3
f6 9. Ng6 Rh6 10. Bxh6 gxh6 11. Qxh5 Bf7 12. dxe4 dxc4 13. bxc4 Qd4 0-1

[Event "Novo jogo"]
[Site "http://www.queenalice.com/game.php?id=244421"]
[Date "2007.7.23"]
[Round "-"]
[White "roberto_falk"]
[Black "Franzen"]
[Result "1-0"]
[WhiteElo "1071"]
[BlackElo "1259"]

1. e4 e5 2. Nf3 Qf6 3. Nc3 Nc6 4. Nd5 Qd6 5. b3 Nd4 6. Ba3 Qc6 7. Nxe5 Nxc2+ 8.
Ke2 Qa6+ 9. Kf3 Qa5 10. Qxc2 Rb8 11. Nxc7+ Kd8 12. Nxf7# 1-0

[Event "Dummy game"]
[Site "http://www.queenalice.com/game.php?id=246443"]
[Date "2007.7.27"]
[Round "-"]
[White "roberto_falk"]
[Black "Franzen"]
[Result "0-1"]
[WhiteElo "1201"]
[BlackElo "1276"]

1. e4 e5 2. Nf3 d6 3. h3 h6 4. Nc3 c6 5. b3 Na6 6. Ba3 Nc5 7. d4 exd4 8. Nxd4
Qf6 9. Bc1 Na6 10. Nce2 c5 11. Nf5 Qxa1 12. Nf4 Bxf5 13. exf5 Qd4 14. Bd2 g5 15.
Nh5 Nf6 16. Qf3 O-O-O 17. c3 Qe4+ 18. Be2 Qxf3 19. Bxf3 Nxh5 20. Bxh5 Re8+ 21.
Kd1 Nc7 22. Bxf7 Re5 23. f4 Rxf5 24. Bg6 Rd5 25. Re1 Bg7 26. Bf7 Rd3 27. Ke2 Rg3
28. Bg6 gxf4 29. Bf5+ Kd8 30. Kd1 Bxc3 31. Bxf4 Rxg2 32. Bxd6 Bxe1 33. Kxe1 Re8+
34. Kf1 Rxa2 35. Bb1 Ra1 36. Bxc7+ Kxc7 37. h4 Rxb1+ 38. Kf2 Rbe1 39. Kg3 Rf8
40. Kg4 Rg1+ 41. Kh5 Rf5+ 42. Kxh6 Rg4 43. h5 Rh4 44. Kg6 Rhxh5 45. Kg7 Rhg5+
46. Kh6 Rg1 47. b4 Rf2 48. bxc5 Rh2# 0-1

[Event "Challenge"]
[Site "http://www.queenalice.com/game.php?id=393703"]
[Date "2008.4.26"]
[Round "-"]
[White "carloscolangelo"]
[Black "Franzen"]
[Result "1-0"]
[WhiteElo "1498"]
[BlackElo "1317"]

1. e4 e6 2. Bc4 Bc5 3. Nf3 Nc6 4. O-O Nd4 5. c3 Nxf3+ 6. Qxf3 d5 7. exd5 exd5 8.
Bxd5 Nh6 9. Bxb7 Bxb7 10. Qxb7 O-O 11. d4 Rb8 12. Qf3 Bb6 13. Qg3 Nf5 14. Qg4
Qd5 15. Nd2 g6 16. Ne4 Qe6 17. Bg5 f6 18. d5 Qe5 19. Bh4 Rbe8 20. Rae1 c6 21.
Nxf6+ Rxf6 22. Rxe5 Rxe5 23. Bxf6 Re6 24. dxe6 Bc5 25. e7 Bxe7 26. Bxe7 Nxe7 27.
Qe6+ Kf8 28. Re1 Ng8 29. Qe8+ Kg7 30. Qd7+ Kf8 31. Re8# 1-0